Pracovná mobilita - pružnejšie vzdelanie

V Európskej únii si trh práce vynucuje dynamický systém vzdelávania. Úlohy prvého a stredného stupňa vzdelávania. Významné zmeny a funkcie vysokoškolského vzdelávania v EÚ.

Gespeichert in:
Bibliographische Detailangaben
1. Verfasser: Polakovič, Ivan
Format: Buchkapitel
Sprache:Slowakisch
Schlagworte:
Tags: Tag hinzufügen
Keine Tags, Fügen Sie das erste Tag hinzu!

MARC

LEADER 00000naa a2200000 4500
001 r038786
005 20230920071423.4
041 0 |a slo 
044 |a SK 
245 1 0 |a Pracovná mobilita - pružnejšie vzdelanie  |c Ivan Polakovič 
520 |a V Európskej únii si trh práce vynucuje dynamický systém vzdelávania. Úlohy prvého a stredného stupňa vzdelávania. Významné zmeny a funkcie vysokoškolského vzdelávania v EÚ. 
610 2 0 |a vzdelávanie 
610 2 0 |a školy vysoké 
610 2 0 |a školy základné 
610 2 0 |a školy stredné 
610 2 0 |a Európska únia 
610 2 0 |a Slovensko 
610 2 0 |a trh práce 
100 1 |a Polakovič, Ivan